Zdaňovanie - otázky z daňového tabu a časté chyby

Pokračovanie príspevku z predchádzajúceho čísla. Polemické a najviac tabuizované otázniky 2015.

Salvato in:
Dettagli Bibliografici
Autore principale: Burák, Emil
Natura: Capitolo di libro
Lingua:slovacco
Soggetti:
Tags: Aggiungi Tag
Nessun Tag, puoi essere il primo ad aggiungerne!!

MARC

LEADER 00000naa a2200000 4500
001 0208872
005 20231207113223.3
041 0 |a slo 
044 |a SK 
245 1 0 |a Zdaňovanie - otázky z daňového tabu a časté chyby  |c Emil Burák 
520 |a Pokračovanie príspevku z predchádzajúceho čísla. Polemické a najviac tabuizované otázniky 2015. 
610 2 0 |a správa daňová 
610 2 0 |a zdaňovanie 
610 2 0 |a správa finančná 
610 2 0 |a daňovníci 
610 2 0 |a zaťaženie daňové 
100 1 |a Burák, Emil